[Event "Ulster Championship 2019"]
[Site "Belfast IRL"]
[Date "2019.08.26"]
[Round "6.2"]
[White "Carroll, Peter"]
[Black "Annesley, Gareth"]
[Result "1/2-1/2"]
[WhiteElo "2062"]
[BlackElo "1885"]
[WhiteICU "2084"]
[BlackUCU "1912"]
[WhiteClub "Gonzaga"]
[BlackClub "Belfast South"]
[WhiteNationality "IRL"]
[BlackNationality "IRL"]
[WhiteFideId "2510243"]
[BlackFideId "2505762"]
[PlyCount "76"]
[EventDate "2019.08.24"]
[Source "Live boards"]

{ Event information: <a
href="http://www.irlchess.com/ulsterch2019_allfiles/pairings_ulsterch2019.html">Tournament
report</a>. }

1. d4 Nf6 2. c4 e6 3. Nc3 Bb4 4. f3 O-O 5. e4 d6 6. Bd3 e5 7. d5 Bxc3+ 8.
bxc3 Nbd7 9. Ne2 Nc5 10. O-O b6 11. Ng3 a5 12. f4 Ng4 13. h3 exf4 14. Rxf4
Nxd3 15. Qxd3 Ne5 16. Qe2 g6 17. Nf1 f5 18. Bd2 fxe4 19. Qxe4 Bf5 20. Qd4
Bd3 21. Ne3 Rxf4 22. Qxf4 Qf8 23. Qd4 Qf6 24. Ng4 Nxg4 25. Qxg4 Re8 26. Bh6
Bf5 27. Qf3 Qh4 28. Bf4 Re1+ 29. Rxe1 Qxe1+ 30. Kh2 Kf7 31. Be3 Ke8 32. g4
Bd3 33. Bxb6 cxb6 34. Qxd3 Qf2+ 35. Kh1 Qxa2 36. Qe3+ Kd7 37. Qxb6 Qxc4 38.
Qxa5 Qf1+ 1/2-1/2

[Event "Ulster Championship 2019"]
[Site "Belfast IRL"]
[Date "2019.08.26"]
[Round "6.3"]
[White "Horvath, Gabor"]
[Black "McDonnell, James J."]
[Result "1-0"]
[WhiteTitle "CM"]
[WhiteElo "2226"]
[BlackElo "1782"]
[WhiteUCU "2073"]
[BlackUCU "1697"]
[WhiteClub "Strand"]
[WhiteNationality "HUN"]
[BlackNationality "IRL"]
[WhiteFideId "720003"]
[BlackFideId "2500787"]
[PlyCount "91"]
[EventDate "2019.08.24"]
[Source "Live boards"]
[WhiteFullName "Horv&aacute;th, G&aacute;bor"]

{ Event information: <a
href="http://www.irlchess.com/ulsterch2019_allfiles/pairings_ulsterch2019.html">Tournament
report</a>. }

1. e4 c5 2. c3 Nf6 3. e5 Nd5 4. d4 cxd4 5. Nf3 e6 6. cxd4 d6 7. Bc4 Nc6 8.
O-O Be7 9. Qe2 O-O 10. Nc3 Nxc3 11. bxc3 b6 12. Bd3 Bb7 13. Qe4 g6 14. Bh6
Na5 15. Qf4 dxe5 16. Nxe5 Qd5 17. f3 f6 18. Nxg6 hxg6 19. Bxg6 f5 20. Qg3
Bf6 21. Bxf5+ Kf7 22. Qc7+ Be7 23. Bxf8 Kxf8 24. Be4 Qd6 25. Qxd6 Bxd6 26.
Rae1 Kf7 27. f4 Rc8 28. f5 Bxe4 29. Rxe4 exf5 30. Rxf5+ Kg6 31. Rf3 Kg5 32.
h4+ Kh5 33. Rf5+ Kg6 34. g4 Ba3 35. h5+ Kh6 36. Re6+ Kg7 37. h6+ Kg8 38. g5
Bf8 39. Ref6 Ba3 40. Rg6+ Kh8 41. Rf7 Nc6 42. Re6 a5 43. g6 Ne7 44. Rexe7
Bxe7 45. Rxe7 Rg8 46. Rh7# 1-0

[Event "Ulster Championship 2019"]
[Site "Belfast IRL"]
[Date "2019.08.26"]
[Round "6.4"]
[White "Goss, Alex"]
[Black "Allen, Keith"]
[Result "1/2-1/2"]
[WhiteElo "1717"]
[BlackElo "2207"]
[WhiteICU "1708"]
[WhiteClub "Elm Mount"]
[BlackClub "Isle of Man IOM"]
[WhiteNationality "IRL"]
[BlackNationality "IRL"]
[WhiteFideId "2509407"]
[BlackFideId "2501147"]
[PlyCount "66"]
[EventDate "2019.08.24"]
[Source "Live boards"]

{ Event information: <a
href="http://www.irlchess.com/ulsterch2019_allfiles/pairings_ulsterch2019.html">Tournament
report</a>. }

1. e4 c6 2. d4 d5 3. exd5 cxd5 4. Bd3 Nc6 5. c3 Qc7 6. Nf3 Bg4 7. O-O e6 8.
Nbd2 Bd6 9. Re1 Bxh2+ 10. Kh1 Bd6 11. Qa4 Ne7 12. Ne5 Bf5 13. Nxc6 bxc6 14.
Bxf5 Nxf5 15. Qc2 O-O 16. Nf3 c5 17. g4 Ne7 18. dxc5 Qxc5 19. Be3 Qc7 20.
Kg2 e5 21. Rh1 e4 22. Nd4 Qd7 23. f3 f5 24. Rh5 g6 25. Rh6 Be5 26. Rah1 Rf7
27. f4 Bh8 28. g5 Nc6 29. Qf2 Bxd4 30. Bxd4 Nxd4 31. Qxd4 Qe6 32. Kf2 Rb8
33. b3 Rd7 1/2-1/2